Interpolációs formulák

Elmentve itt :
Bibliográfiai részletek
Szerző: Katona Tünde
További közreműködők: Kiss Lajosné (Témavezető)
Dokumentumtípus: Szakdolgozat
Megjelent: 1982
Tárgyszavak:
Online Access:http://diploma.bibl.u-szeged.hu/121817
LEADER 00587nta a2200181 i 4500
001 dipl121817
005 20220221104845.0
008 220208s1982 hu om 0|| zxx d
040 |a SZTE Diploma Repozitórium  |b hun 
041 |a zxx 
100 1 |a Katona Tünde 
245 1 0 |a Interpolációs formulák  |h [elektronikus dokumentum] /  |c Tünde Katona 
260 |c 1982 
650 4 |a Természettudományok 
650 4 |a Natural sciences 
650 4 |a Physical sciences 
700 1 |a Kiss Lajosné  |e ths 
856 4 0 |u http://diploma.bibl.u-szeged.hu/id/eprint/121817/1/1982_katona_tunde.pdf  |z Dokumentum-elérés